La Crisis de los partidos políticos /
Gespeichert in:
| 1. Verfasser: | |
|---|---|
| Format: | Text |
| Schlagworte: | |
| Tags: |
Tag hinzufügen
Keine Tags, Fügen Sie den ersten Tag hinzu!
|
MARC
| LEADER | 00000 a a2200000 04500 | ||
|---|---|---|---|
| 001 | 11218 | ||
| 003 | |||
| 040 | |||
| 100 | |a Henríquez, Roberto | ||
| 245 | |a La Crisis de los partidos políticos / |c Roberto Henríquez | ||
| 650 | |a PARTIDOS POLITICOS | ||
| 650 | |a SISTEMAS POLITICOS | ||
| 650 | |a POLITICA | ||
| 650 | |a CRISIS POLITICA | ||
| 650 | |a GOBIERNO | ||
| 650 | |a ESTADO | ||
| 650 | |a SOCIEDAD CIVIL | ||
| 650 | |a IDEOLOGIAS POLITICAS | ||
| 650 | |a ELECCIONES | ||
| 773 | |g número 48 -49; páginas 45-50 | ||
| 999 | |c 23578 |d 23578 | ||
| 773 | 0 | |0 43286 |9 6075 |a Instituto Centroamericano de Estudios Políticos |d Guatemala: Instituto Centroamericano de Estudios Políticos, 1986- |o 14242 |t Panorama Centroamericano: | |
